Online
Catalog

Enero de 1962 : (Record no. 26056)

MARC details
000 -CABECERA
campo de control de longitud fija 01629nam a2200289 a 4500
001 - NÚMERO DE CONTROL
campo de control 000026564
003 - IDENTIFICADOR DEL NÚMERO DE CONTROL
campo de control DO-SdBNP
005 - FECHA Y HORA DE LA ÚLTIMA TRANSACCIÓN
campo de control 20230210094948.0
007 - CAMPO FIJO DE DESCRIPCIÓN FÍSICA--INFORMACIÓN GENERAL
campo de control de longitud fija ta
008 - DATOS DE LONGITUD FIJA--INFORMACIÓN GENERAL
campo de control de longitud fija 110323e1988 dr ad gr 001 edspa d
040 ## - FUENTE DE LA CATALOGACIÓN
Centro catalogador/agencia de origen DO-SdBNP
Lengua de catalogación spa
Centro/agencia transcriptor BNPHU
082 #4 - NÚMERO DE LA CLASIFICACIÓN DECIMAL DEWEY
Número de documento/Ítem G934e
Número de edición 22
100 ## - ENTRADA PRINCIPAL--NOMBRE DE PERSONA
Nombre de persona Guerrero, Miguel,
Fechas asociadas al nombre 1945-
9 (RLIN) 14303
245 10 - MENCIÓN DE TÍTULO
Título Enero de 1962 :
Resto del título ¡el despertar dominicano! /
Mención de responsabilidad, etc. Miguel Guerrero.
260 ## - PUBLICACIÓN, DISTRIBUCIÓN, ETC.
Lugar de publicación, distribución, etc. Santo Domingo :
Nombre del editor, distribuidor, etc. Mograf,
Fecha de publicación, distribución, etc. 1988
300 ## - DESCRIPCIÓN FÍSICA
Extensión 276 p. :
Otras características físicas il., map., retrs. ;
Dimensiones 21 cm.
490 ## - MENCIÓN DE SERIE
Mención de serie Historia y cultura
500 ## - NOTA GENERAL
Nota general Incluye datos biográficos del autor en la solapa de la contracubierta
504 ## - NOTA DE BIBLIOGRAFÍA, ETC.
Nota de bibliografía, etc. Bibliografía : p. 275-276
505 ## - NOTA DE CONTENIDO CON FORMATO
Nota de contenido con formato Una explicación necesaria y Agradecimientos.--
Información miscelánea Capítulo Uno.
Título Una misión ingrata.--
Información miscelánea Capítulo Dos.
Título ¡Qué manera de iniciar un año!.--
Información miscelánea Capítulo Cuatro.
Título Ponen fin a las sanciones.--
Información miscelánea Capítulo Cinco.
Título ¡¿Qué puede ser peor que un temblor de tierra?!.--
Información miscelánea Capítulo Seis.
Título La matanza del Parque Independencia.--
Información miscelánea Capítulo Siete.
Título La ciudad arde por doquier.--
Información miscelánea Capítulo Ocho.
Título La noche del primer golpe.--
Información miscelánea Capítulo Nueve.
Título Una llamada nocturna.--
Información miscelánea Capítulo Diez.
Título Dos hombres solitario.--
Información miscelánea Capítulo Once.
Título La noche del segundo golpe.--
Información miscelánea Capítulo Doce.
Título El camino del exilio.--
Información miscelánea Anexos.
590 ## - NOTA LOCAL (RLIN)
Nota local Inventariado, 2020 / DG
650 #4 - PUNTO DE ACCESO ADICIONAL DE MATERIA--TÉRMINO DE MATERIA
Término de materia o nombre geográfico como elemento de entrada Masacre
Subdivisión general Historia
Subdivisión cronológica Siglo XX
Subdivisión geográfica República Dominicana
9 (RLIN) 83097
650 #4 - PUNTO DE ACCESO ADICIONAL DE MATERIA--TÉRMINO DE MATERIA
Término de materia o nombre geográfico como elemento de entrada Violencia Política
Subdivisión general Historia
Subdivisión cronológica Siglo XX
Subdivisión geográfica República Dominicana
9 (RLIN) 83098
651 #4 - PUNTO DE ACCESO ADICIONAL DE MATERIA--NOMBRE GEOGRÁFICO
Nombre geográfico República Dominicana
Subdivisión de forma Política y Gobierno
Subdivisión general Historia- Masacre
Subdivisión cronológica 1961
9 (RLIN) 83099
910 ## - DATOS DE OPCIÓN DEL USUARIO (OCLC)
Datos de opción del usuario Inventariado, 2020 / DG
942 ## - ELEMENTOS DE PUNTO DE ACCESO ADICIONAL (KOHA)
Fuente del sistema de clasificación o colocación Dewey Decimal Classification
Tipo de ítem Koha Libro
Holdings
Estado de retiro Estado de pérdida Fuente del sistema de clasificación o colocación Restricciones de uso No para préstamo Código de colección Localización permanente Ubicación/localización actual Ubicación en estantería Fecha de adquisición Signatura topográfica completa Código de barras Fecha visto por última vez Número de copia Precio válido a partir de Tipo de ítem Koha Fuente de adquisición
    Dewey Decimal Classification Préstamo en sala   Dominicana de Servicio Biblioteca Nacional Pedro Henríquez Ureña Biblioteca Nacional Pedro Henríquez Ureña En catalogación 01.08.2011 G934e 26564-30 25.06.2020 e. 3 25.06.2020 Libro  
    Dewey Decimal Classification Préstamo restringido   Patrimonio Dominicano Biblioteca Nacional Pedro Henríquez Ureña Biblioteca Nacional Pedro Henríquez Ureña En catalogación 23.03.2011 G934e 26564-10 25.06.2020   25.06.2020 Libro Perteneció a la biblioteca personal de Germán Emilio Ornes.
    Dewey Decimal Classification Préstamo restringido   Patrimonio Dominicano Biblioteca Nacional Pedro Henríquez Ureña Biblioteca Nacional Pedro Henríquez Ureña En catalogación 24.03.2011 G934e 26564-20 25.06.2020 e. 2 25.06.2020 Libro  
    Dewey Decimal Classification Préstamo en sala   Dominicana de Servicio Biblioteca Nacional Pedro Henríquez Ureña Biblioteca Nacional Pedro Henríquez Ureña En catalogación 10.05.2013 G934e   26.10.2020 e. 4 26.10.2020 Libro Donado por Familia Reyes Duluc
    Dewey Decimal Classification Préstamo en sala   Dominicana de Servicio Biblioteca Nacional Pedro Henríquez Ureña Biblioteca Nacional Pedro Henríquez Ureña En catalogación 07.04.2022 G934e 2022-1233 07.04.2022 e.5 07.04.2022 Libro Donación

Powered by Koha